01429nam a2200157Ia 450000500170000000800410001702000180005808200130007610000240008924500730011326000670018630000260025350000510027952009090033065000320123920250117103715.0250117s9999 xx 000 0 und d a9780815704225 a341.2RIS aAlan S. Alexandroff 0aRising states, rising institutionsbchallenges for global governance aWaterloobCentre for International Governance Innovationc2010 aviii, 318 p. ; 23 cm. aIncludes bibliographical references and index. aRising States, Rising Institutions features a panel of distinguished scholars who examine the forces at work: Gregory Chin (York University), Daniel W. Drezner (Tufts University), Thomas Hale (Princeton University), Andrew Hurrell (Oxford University), G. John Ikenberry (Princeton University), John Kirton (University of Toronto), Flynt Leverett (New America Foundation), Steven E. Miller (Harvard University), Andrew Moravcsik (Princeton University), Amrita Narlikar (Cambridge University), and Anne-Marie Slaughter (U.S. State Department). Together they analyze different models of international cooperation, the states that have most actively challenged the existing order, and leading and emergent international institutions such as the G-20, the nascent regime for sovereign wealth funds, the International Atomic Energy Agency, and the entities organized to foster cooperation in the war on terror. aInternational organization.